Central Library OPAC University of Rajshahi

Rectangular-polar conversion tables / (Record no. 51404)

MARC details
000 -LEADER
fixed length control field 00732nam a2200229 a 4500
001 - CONTROL NUMBER
control field 51404
003 - CONTROL NUMBER IDENTIFIER
rucl marc code BD-RjUL
005 - DATE AND TIME OF LATEST TRANSACTION
control field 20211209075644.0
008 - FIXED-LENGTH DATA ELEMENTS--GENERAL INFORMATION
fixed length control field 160830s1956 enk 000 0 eng
035 ## - SYSTEM CONTROL NUMBER
System control number (BD-RjUL)51524
040 ## - CATALOGING SOURCE
Original cataloging agency DLC
Transcribing agency ZT2
Modifying agency OAU
-- OCoLC
-- DLC
-- BD-RjUL
Language of cataloging eng
041 ## - LANGUAGE CODE
Language code of text/sound track or separate title eng
082 ## - DEWEY DECIMAL CLASSIFICATION NUMBER
Classification number 510.805
Author mark and year REC 1956
245 00 - TITLE STATEMENT
Title Rectangular-polar conversion tables /
Statement of responsibility, etc. Designed and compiled by E.H. Neville.
260 ## - PUBLICATION, DISTRIBUTION, ETC. (IMPRINT)
Place of publication, distribution, etc. Cambridge :
Name of publisher, distributor, etc. University Press,
Date of publication, distribution, etc. 1956.
300 ## - PHYSICAL DESCRIPTION
Pagination xxxii, 109 p. ;
Size 28 cm.
490 0# - SERIES STATEMENT
Series statement Royal Society mathematical tables,
Volume/sequential designation 2
650 #0 - SUBJECT ADDED ENTRY--TOPICAL TERM
Topical term or geographic name as entry element Mathematics
General subdivision Tables.
9 (RLIN) 153788
700 1# - ADDED ENTRY--PERSONAL NAME
Personal name Neville, Eric Harold,
Dates associated with a name 1889-
Relator term Designer and compiler
942 ## - ADDED ENTRY ELEMENTS (KOHA)
Source of classification or shelving scheme Dewey Decimal Classification
Koha item type Books
Holdings
Lost status Source of classification or shelving scheme Damaged status Not for loan Collection code Permanent Location Current Location Shelving location Date acquired Source of acquisition Cost, normal purchase price Total Checkouts Full call number Date last seen Copy number Koha item type
  Dewey Decimal Classification     Non-fiction Central Library, University of Rajshahi Central Library, University of Rajshahi   22/10/1969 Zeithinger 50.00   510.805 REC 1956 30/08/2016 C-2 Books